| 000 | 00472nam a2200169Ia 4500 | ||
|---|---|---|---|
| 999 |
_c3460 _d3460 |
||
| 003 | OSt | ||
| 005 | 20211028110110.0 | ||
| 008 | 190216s9999||||xx |||||||||||||| ||und|| | ||
| 040 | _coclc | ||
| 082 |
_a546 _bPUR/P |
||
| 100 |
_aPuri, B R _94153 |
||
| 245 | 0 |
_aPrinciples Of Inorganic Chemistry / _cB R Puri |
|
| 260 |
_bMilestone, _aNew Delhi: _c2007. |
||
| 300 | _a1135p | ||
| 650 | _aChemistry-Chemistry | ||
| 942 |
_cBK _2ddc _h546 _iPUR/P _k546 _mPUR/P |
||